Pearson IIT Foundation Chemistry 2022/ (Record no. 203599)

MARC details
000 -LEADER
fixed length control field 00742nam a22001937a 4500
005 - DATE AND TIME OF LATEST TRANSACTION
control field 20240614111718.0
010 ## - LCCN (DPL NO)
LC control number ENG-140605
020 ## - INTERNATIONAL STANDARD BOOK NUMBER
Terms of availability 375.00
International Standard Book Number 9789354498473
035 ## - SYSTEM CONTROL NUMBER
System control number EN-124137
037 ## - SOURCE OF ACQUISITION
Source of stock number/acquisition DBAD
082 ## - DEWEY DECIMAL CLASSIFICATION NUMBER
Classification number 540
Edition number 10
245 ## - TITLE STATEMENT
Title Pearson IIT Foundation Chemistry 2022/
Remainder of title By Robert Johnston...[et.al]
250 ## - EDITION STATEMENT
Edition statement 10
260 ## - PUBLICATION, DISTRIBUTION, ETC. (IMPRINT)
Place of publication, distribution, etc Noida
Name of publisher, distributor, etc Pearson India Education Pvt Ltd
Date of publication, distribution, etc 2022
270 ## - ADDRESS
Address 1st Floor, Berger Tower, Plot No. C-001/2, Sector 16B
City Noida
Postal code 201301
Electronic mail address companysecretary.india@pearson.com
300 ## - PHYSICAL DESCRIPTION
Extent vp.
Dimensions 28cm(pbk)
Other physical details Index
500 ## - GENERAL NOTE
General note A Pathway to Crack JEE Useful for NTSE and Other Olympiad Exams<br/>Revised as per the CBSE and NCERT Curriculum Guidelines
942 ## - ADDED ENTRY ELEMENTS (KOHA)
Source of classification or shelving scheme Dewey Decimal Classification
Item type English Books
Classification part 540
Call number suffix PEA
Edition 10
Holdings
Withdrawn status Lost status Not for loan Collection code Home library Current library Date acquired Source of acquisition Cost, normal purchase price Full call number Barcode Copy number Cost, replacement price Koha item type
      Non-fiction Central Library Central Library 14/06/2024 DBAD 375.00 540 PEA EN-124137 1 375.00 English Books

© Delhi Public Library
Hit Counter
free hit counter